[Event "JAHI    I"]
[Site "SchemingMind.com"]
[Date "2017.12.10"]
[Round "-"]
[White "Chessibelle"]
[Black "grabapawn"]
[Result "0-1"]
[WhiteCountry "ENG"]
[BlackCountry "USA"]
[WhiteElo "1107"]
[WhiteRD "60"]
[BlackElo "1543"]
[BlackRD "52"]
[GameID "421796"]

1. e4 d6 2. Be2 Nf6 3. d3 Nbd7 4. Nf3 e5 5. Nbd2 Be7 6. O-O h6 7. Re1 c6 8. b3 Qc7 9. Nh4 g6 10. g3 Nf8
11. Bf3 N6h7 12. c4 Bxh4 13. gxh4 Nf6 14. Bb2 g5 15. d4 g4 16. Bg2 Ng6 17. f3 Nxh4 18. Qe2 Rg8 19. Nb1 gxf3 20. Qf2 Rxg2+
21. Kf1 Rxf2+ 22. Kxf2 Ng4+ 23. Kg1 f2+
0-1

[Event "JAHI    I"]
[Site "SchemingMind.com"]
[Date "2017.12.10"]
[Round "-"]
[White "grabapawn"]
[Black "Chessibelle"]
[Result "1-0"]
[WhiteCountry "USA"]
[BlackCountry "ENG"]
[WhiteElo "1543"]
[WhiteRD "52"]
[BlackElo "1107"]
[BlackRD "60"]
[GameID "421797"]

1. d4 d5 2. Bf4 b6 3. e3 e6 4. Nf3 g6 5. Bd3 Nc6 6. c3 Nge7 7. Nbd2 Bg7 8. g4 f6 9. h4 h5 10. g5 O-O
11. Qe2 Nf5 12. gxf6 Qxf6 13. Bg5 Qf7 14. O-O-O a6 15. e4 Nd6 16. e5 Nf5 17. Rdf1 Nce7 18. Rhg1 Nc6 19. Bf4 b5 20. Rg2 Re8
21. Ng5 Qd7 22. Ngf3 Na5 23. Rxg6 Kf7 24. Rg5 Qc6 25. Rxh5 Bd7 26. Ng5+ Ke7 27. Nh7 Nc4 28. Bg5+ Kf7 29. Bf6 Rg8 30. Rxf5 exf5
31. Qh5+ Ke6 32. Bxf5#
1-0

[Event "JAHI    I"]
[Site "SchemingMind.com"]
[Date "2018.03.18"]
[Round "-"]
[White "Barry Hampton"]
[Black "DANDYLIONHONEYBADGER"]
[Result "1-0"]
[WhiteCountry "ENG"]
[BlackCountry "USA"]
[WhiteElo "1877"]
[WhiteRD "103"]
[BlackElo "1309"]
[BlackRD "69"]
[GameID "425853"]

1. Nf3 f6 2. g3 d6 3. Bg2 g6 4. O-O Bh6 5. d3 Bxc1 6. Qxc1 Nc6 7. e4 Ne5 8. Nbd2 Nxf3+ 9. Nxf3 Nh6 10. Qxh6 Kd7
11. Bh3+ e6 12. Qg7+
1-0

[Event "JAHI    I"]
[Site "SchemingMind.com"]
[Date "2018.03.18"]
[Round "-"]
[White "DANDYLIONHONEYBADGER"]
[Black "Barry Hampton"]
[Result "0-1"]
[WhiteCountry "USA"]
[BlackCountry "ENG"]
[WhiteElo "1286"]
[WhiteRD "73"]
[BlackElo "1885"]
[BlackRD "106"]
[GameID "425854"]

1. e4 e6 2. a3 d5 3. Nc3 c5 4. b4 cxb4 5. axb4 dxe4 6. Nxe4 Bxb4 7. c3 Be7 8. Ba3 Nc6 9. Nc5 Bxc5 10. Nh3 Bxa3
11. Rxa3 Nf6 12. f3 O-O 13. Qe2 Re8 14. d3 Qb6 15. Nf4 Qb1+ 16. Kf2 Qc1
0-1

[Event "JAHI    I"]
[Site "SchemingMind.com"]
[Date "2018.04.02"]
[Round "-"]
[White "Krolewna"]
[Black "AlexiusIII"]
[Result "0-1"]
[WhiteCountry "POL"]
[BlackCountry "ENG"]
[WhiteElo "1890"]
[WhiteRD "63"]
[BlackElo "2184"]
[BlackRD "151"]
[GameID "426381"]

1. b4 e5 2. Bb2 Bxb4 3. f4 d6 4. Nf3 Nc6 5. e3 Nf6 6. a3 Ba5 7. fxe5 Nxe5 8. Be2 Nxf3+ 9. Bxf3 O-O 10. c4 Be6
11. Qe2 d5 12. cxd5 Nxd5 13. O-O c6 14. a4 Re8 15. Na3 Qg5 16. Nc4 Bc7 17. d4 Nf6 18. e4 Ng4 19. Bxg4 Bxg4 20. Qc2 b5
21. Ne5 Bxe5 22. dxe5 b4 23. Qc4 Qe7
0-1

[Event "JAHI    I"]
[Site "SchemingMind.com"]
[Date "2018.04.02"]
[Round "-"]
[White "AlexiusIII"]
[Black "Krolewna"]
[Result "1-0"]
[WhiteCountry "ENG"]
[BlackCountry "POL"]
[WhiteElo "2238"]
[WhiteRD "136"]
[BlackElo "1862"]
[BlackRD "69"]
[GameID "426382"]

1. c4 f5 2. g3 g6 3. Bg2 Bg7 4. Nc3 Nf6 5. d3 O-O 6. e4 d6 7. Nge2 Na6 8. O-O c6 9. h3 Nc7 10. exf5 Bxf5
11. Be3 e5 12. d4 h5 13. dxe5 dxe5 14. Qb3 Qc8 15. Kh2 Ne6 16. Rad1 Rf7 17. f3 Qc7 18. Kh1 Qe7 19. Ne4 Nd4 20. Nxd4 exd4
21. Bxd4 Nxe4 22. fxe4 Bxe4 23. Rxf7 Bxg2+ 24. Kxg2 Qxf7 25. Rf1
1-0

[Event "JAHI    I"]
[Site "SchemingMind.com"]
[Date "2018.04.01"]
[Round "-"]
[White "spoke"]
[Black "Greg Magne"]
[Result "1-0"]
[WhiteCountry "GER"]
[BlackCountry "CAN"]
[WhiteElo "1796"]
[WhiteRD "80"]
[BlackElo "1653"]
[BlackRD "80"]
[GameID "426529"]

1. e4 c5 2. Nf3 d6 3. d4 cxd4 4. Nxd4 Nf6 5. Nc3 a6 6. f4 Qc7 7. Nf3 Nbd7 8. Bd3 e5 9. a4 b6 10. O-O Bb7
11. Qe1 Be7 12. Kh1 O-O 13. Nh4 g6 14. fxe5 dxe5 15. Bh6 Rfd8 16. Nf5 Bf8 17. Bxf8 Nxf8 18. Qh4 gxf5 19. Qxf6 f4 20. Rf3 Qd6
21. Qh4 Ng6 22. Qh5 Qf8 23. Rh3 Qg7 24. Ne2 Rac8 25. Ng1 Rd4 26. Nf3 Rxe4 27. Bxe4 Bxe4 28. c3 b5 29. axb5 axb5 30. Ng5 Bf5
31. Qxh7+ Qxh7 32. Rxh7 b4 33. Rxf7 bxc3 34. bxc3 Be6 35. Rf6
1-0

[Event "JAHI    I"]
[Site "SchemingMind.com"]
[Date "2018.04.01"]
[Round "-"]
[White "Greg Magne"]
[Black "spoke"]
[Result "1/2-1/2"]
[WhiteCountry "CAN"]
[BlackCountry "GER"]
[WhiteElo "1653"]
[WhiteRD "80"]
[BlackElo "1796"]
[BlackRD "80"]
[GameID "426530"]

1. e4 e5 2. Nf3 Nc6 3. Bb5 Bb4 4. c3 Ba5 5. O-O Nge7 6. d4 exd4 7. cxd4 d5 8. e5 a6 9. Ba4 b5 10. Bb3 O-O
11. Bg5 h6 12. Bh4 Bg4 13. h3 Be6 14. Nc3 Qd7 15. a4 b4 16. Ne2 Nf5 17. Bg3 Bb6 18. Qd2 a5 19. Rac1 Rac8 20. Rc2 Nxg3
21. fxg3 Bf5 22. Rcc1 Be4 23. Kh2 Ne7 24. Nf4 Nf5 25. Ne2 c5 26. dxc5 Bxc5 27. Ned4 Bxd4 28. Nxd4 Rxc1 29. Rxc1 Rc8 30. Nxf5 Rxc1
31. Nxh6+ gxh6 32. Qxc1 Kg7 33. Qe3 Qf5 34. Qf4 Kg6 35. Kg1 Qxf4 36. gxf4 Kf5 37. g3 f6 38. exf6 Kxf6 39. Kf2 d4 40. g4 Kg6
41. Bc4 h5 42. Kg3 hxg4 43. hxg4 Bc2 44. Kf3 Bd1+ 45. Ke4 Bxg4 46. Kxd4 Kf5 47. Ke3 Bd1 48. b3 Bc2= 49. Kd4 Kxf4 50. Kc5 Ke3
51. Kb6 Kd4 52. Kxa5 Kc3 53. Kb5 Bxb3 54. Bxb3 Kxb3 55. a5 Kc3 56. a6 b3 57. a7=
1/2-1/2

[Event "JAHI    I"]
[Site "SchemingMind.com"]
[Date "2018.04.06"]
[Round "-"]
[White "ArtistDude"]
[Black "JAHI"]
[Result "0-1"]
[WhiteCountry "USA"]
[BlackCountry "INT"]
[WhiteElo "1835"]
[WhiteRD "80"]
[BlackElo "2127"]
[BlackRD "70"]
[GameID "426531"]

1. d4 c6 2. Bf4 c5 3. e3 cxd4 4. exd4 Nf6 5. c3 h6 6. h3 d6 7. Bd3 Nc6 8. Nf3 a6 9. Nbd2 Be6 10. Qc2 Rc8
11. Ne4 Nd5 12. Bh2 Ncb4 13. Qd2 Nxd3+ 14. Qxd3 Qb6 15. Qe2 Qb5 16. Qxb5+ axb5 17. O-O b4 18. Rac1 bxc3 19. bxc3 Nf6 20. Rfe1 Nxe4
21. Rxe4 Kd7 22. Nd2 Ra8 23. c4 Rxa2 24. Nb3 g6 25. d5 Bf5 26. Re3 h5 27. Nd4 Bh6
0-1

[Event "JAHI    I"]
[Site "SchemingMind.com"]
[Date "2018.04.06"]
[Round "-"]
[White "JAHI"]
[Black "ArtistDude"]
[Result "1-0"]
[WhiteCountry "INT"]
[BlackCountry "USA"]
[WhiteElo "2127"]
[WhiteRD "70"]
[BlackElo "1835"]
[BlackRD "80"]
[GameID "426532"]

1. e3 d6 2. d3 c6 3. d4 Qc7 4. Bd3 Nf6 5. e4 g6 6. c3 Bg7 7. Bg5 h6 8. Bxf6 Bxf6 9. Ne2 Bg4 10. h3 Bxe2
11. Bxe2 e5 12. dxe5 dxe5 13. Nd2 Nd7 14. Qc2 O-O 15. Rd1 b5 16. a3 Nc5 17. c4 a6 18. cxb5 axb5 19. Qxc5 Be7 20. Qc3 b4
21. axb4 Ra4 22. b5 Bb4 23. Qxc6 Qa5 24. Bc4 Rd8 25. Qxg6+ Kh8 26. Qxh6+ Kg8 27. Qg6+ Kh8 28. Qf6+ Kh7 29. Qxf7+ Kh6 30. Qf6+ Kh7
31. Qf5+ Kh6 32. Bd5 Bxd2+ 33. Rxd2 Ra1+ 34. Ke2 Qxb5+ 35. Kf3 Rxd5 36. Qe6+ Kg7 37. Rxa1 Rd3+ 38. Kg4
1-0

[Event "JAHI    I"]
[Site "SchemingMind.com"]
[Date "2018.06.17"]
[Round "-"]
[White "Scooter"]
[Black "clare1347"]
[Result "0-1"]
[WhiteCountry "USA"]
[BlackCountry "ENG"]
[WhiteElo "1727"]
[WhiteRD "71"]
[BlackElo "2272"]
[BlackRD "87"]
[GameID "429441"]

1. d4 d5 2. Nf3 Nf6 3. Bf4 c5 4. e3 Qb6 5. b3 Bg4 6. Be2 e6 7. c4 cxd4 8. exd4 Bb4+ 9. Nbd2 Bxf3 10. Bxf3 Nc6
11. Be3 Bc3 12. c5 Qc7 13. Rc1 Bxd4 14. Bxd4 Nxd4 15. O-O O-O 16. b4 Qf4 17. a3 a5 18. g3 Qxd2
0-1

[Event "JAHI    I"]
[Site "SchemingMind.com"]
[Date "2018.06.17"]
[Round "-"]
[White "clare1347"]
[Black "Scooter"]
[Result "1-0"]
[WhiteCountry "ENG"]
[BlackCountry "USA"]
[WhiteElo "2289"]
[WhiteRD "89"]
[BlackElo "1704"]
[BlackRD "73"]
[GameID "429442"]

1. e4 c6 2. d4 d5 3. Nd2 dxe4 4. Nxe4 Bf5 5. Ng3 Bg6 6. h4 h6 7. Nf3 Nd7 8. h5 Bh7 9. Bd3 Bxd3 10. Qxd3 Qc7
11. Rh4 e6 12. Bf4 Bd6 13. Bxd6 Qxd6 14. O-O-O O-O-O 15. Ne4 Qc7 16. Kb1 Ngf6 17. c4 Nxe4 18. Qxe4 Nf6 19. Qe3 Kb8 20. Ne5 Rhf8
21. Qg3 Rg8 22. Nxf7 Qxg3 23. fxg3 Rd7 24. Ne5 Rdd8 25. Kc2 Nd7 26. Ng6 Nf8 27. Ne7 Rh8 28. Rf1 Rd7 29. Rf7 Kc7 30. Rxg7 Kd8
31. Rg8 Rxg8 32. Nxg8 Rg7 33. Nxh6 Rxg3 34. Rg4
1-0

[Event "JAHI    I"]
[Site "SchemingMind.com"]
[Date "2018.07.22"]
[Round "-"]
[White "grabapawn"]
[Black "spoke"]
[Result "0-1"]
[WhiteCountry "USA"]
[BlackCountry "GER"]
[WhiteElo "1552"]
[WhiteRD "61"]
[BlackElo "1806"]
[BlackRD "70"]
[GameID "430504"]

1. d4 Nf6 2. Bf4 d5 3. e3 e6 4. c3 c5 5. Bd3 c4 6. Bc2 Be7 7. Nf3 Nc6 8. Nbd2 O-O 9. h3 Bd6 10. Ne5 Nd7
11. Qh5 g6 12. Qh6 Ndxe5 13. dxe5 Bxe5 14. g3 Bg7 15. Qh4 Bf6 16. Qg4 e5 17. Bh6 Bxg4 18. hxg4 Bg7 19. Nf3 Bxh6 20. Rxh6 Kg7
21. g5 e4 22. Nd4 Nxd4 23. exd4 Qxg5
0-1

[Event "JAHI    I"]
[Site "SchemingMind.com"]
[Date "2018.07.22"]
[Round "-"]
[White "spoke"]
[Black "grabapawn"]
[Result "1-0"]
[WhiteCountry "GER"]
[BlackCountry "USA"]
[WhiteElo "1806"]
[WhiteRD "70"]
[BlackElo "1552"]
[BlackRD "61"]
[GameID "430505"]

1. e4 d6 2. d4 Nf6 3. Nc3 Nbd7 4. Be2 e5 5. Nf3 Be7 6. O-O Nf8 7. dxe5 Ng4 8. exd6 cxd6 9. Nd4 Ne5 10. f4 Neg6
11. Nd5 Qd7 12. Bb5 Ne6 13. Bxd7+ Bxd7 14. Nxe6 fxe6 15. Nc7+ Kf7 16. Nxa8 Rxa8 17. f5 Ne5 18. fxe6+ Kxe6 19. Qd5#
1-0

[Event "JAHI    I"]
[Site "SchemingMind.com"]
[Date "2018.08.11"]
[Round "-"]
[White "spoke"]
[Black "clare1347"]
[Result "0-1"]
[WhiteCountry "GER"]
[BlackCountry "ENG"]
[WhiteElo "1814"]
[WhiteRD "69"]
[BlackElo "2297"]
[BlackRD "93"]
[GameID "431258"]

1. e4 e5 2. Nf3 Nc6 3. Bc4 Bc5 4. d3 d6 5. Nc3 Na5 6. Bb3 Ne7 7. Ng5 Nxb3 8. axb3 f6 9. Nf3 Bg4 10. h3 Bh5
11. Qe2 O-O 12. Be3 Bb4 13. O-O c5 14. Nb5 b6 15. c3 Qd7 16. Na3 Bxa3 17. Rxa3 f5 18. Bd2 fxe4 19. dxe4 Bxf3 20. gxf3 Qxh3
0-1

[Event "JAHI    I"]
[Site "SchemingMind.com"]
[Date "2018.08.11"]
[Round "-"]
[White "clare1347"]
[Black "spoke"]
[Result "1-0"]
[WhiteCountry "ENG"]
[BlackCountry "GER"]
[WhiteElo "2297"]
[WhiteRD "93"]
[BlackElo "1814"]
[BlackRD "69"]
[GameID "431259"]

1. e4 e5 2. Nf3 Nc6 3. Bb5 Bb4 4. c3 Ba5 5. Na3 Bb6 6. Nc4 d6 7. O-O Ne7 8. d4 exd4 9. Nxd4 O-O 10. Nxb6 axb6
11. Be3 Ne5 12. Re1 c6 13. Be2 d5 14. Qc2 dxe4 15. Qxe4 N7g6 16. f4 Ng4 17. Bxg4 Bxg4 18. f5 Bh5 19. fxg6 Bxg6 20. Qf4 Qd5
21. Nf3 b5 22. Qe5 Qc4 23. b3 Qd3 24. Rad1
1-0

[Event "JAHI    I"]
[Site "SchemingMind.com"]
[Date "2018.09.14"]
[Round "-"]
[White "AlexiusIII"]
[Black "Barry Hampton"]
[Result "1-0"]
[WhiteCountry "ENG"]
[BlackCountry "ENG"]
[WhiteElo "2223"]
[WhiteRD "122"]
[BlackElo "1899"]
[BlackRD "101"]
[GameID "432357"]

1. e4 e6 2. d4 d5 3. Nd2 Nf6 4. e5 Nfd7 5. Bd3 c5 6. c3 Nc6 7. Ne2 cxd4 8. cxd4 f6 9. exf6 Nxf6 10. Nf3 Bd6
11. O-O Qc7 12. Bg5 O-O 13. Nc3 a6 14. Bh4 Bd7 15. Bg3 Be8 16. Re1 Bf7 17. Rc1 Bxg3 18. hxg3 b5 19. Ne5 Be8 20. Nxc6 Bxc6
21. Rxe6 Qd7 22. Bf5 Qb7 23. Qb3 a5 24. g4 g6 25. Ne4 Nxe4 26. Rexc6
1-0

[Event "JAHI    I"]
[Site "SchemingMind.com"]
[Date "2018.09.11"]
[Round "-"]
[White "Barry Hampton"]
[Black "AlexiusIII"]
[Result "0-1"]
[WhiteCountry "ENG"]
[BlackCountry "ENG"]
[WhiteElo "1899"]
[WhiteRD "101"]
[BlackElo "2223"]
[BlackRD "122"]
[GameID "432358"]

1. Nf3 c5 2. g3 Nc6 3. Bg2 e5 4. d3 d5 5. O-O Nf6 6. Nbd2 Bd6 7. e4 dxe4 8. dxe4 Bc7 9. Re1 O-O 10. b3 Qe7
11. Bb2 Rd8 12. Qe2 Nd4 13. Nxd4 cxd4 14. Rad1 Bg4 15. f3 Be6 16. Kh1 Ba5 17. Rf1 Rac8 18. Nc4 Bxc4 19. bxc4 Qb4 20. Rb1 Qxc4
21. Qxc4 Rxc4 22. Rf2 Rdc8 23. Ba3 Bb6 24. Rc1 d3
0-1

[Event "JAHI    I"]
[Site "SchemingMind.com"]
[Date "2019.02.17"]
[Round "-"]
[White "AlexiusIII"]
[Black "JAHI"]
[Result "1-0"]
[WhiteCountry "ENG"]
[BlackCountry "INT"]
[WhiteElo "2202"]
[WhiteRD "129"]
[BlackElo "1975"]
[BlackRD "72"]
[GameID "438281"]

1. e4 d6 2. d4 d5 3. e5 f6 4. Nc3 fxe5 5. dxe5 c6 6. Nf3 Bg4 7. Be2 Bxf3 8. Bxf3 e6 9. O-O Bb4 10. Bg4 Bxc3
11. bxc3 Qd7 12. Qf3 Ne7 13. Qh3 Nf5 14. Bh5+ Kd8 15. c4 Kc7 16. Rd1 b6 17. Bb2 b5 18. cxb5 cxb5 19. a4 b4 20. c4 bxc3
21. Qxc3+ Nc6 22. Ba3 d4 23. Qc2 Nh4 24. Qe4 Nf5 25. Rac1 Rac8 26. Rxc6+ Qxc6 27. Rc1
1-0

[Event "JAHI    I"]
[Site "SchemingMind.com"]
[Date "2019.02.17"]
[Round "-"]
[White "JAHI"]
[Black "AlexiusIII"]
[Result "0-1"]
[WhiteCountry "INT"]
[BlackCountry "ENG"]
[WhiteElo "1897"]
[WhiteRD "69"]
[BlackElo "2221"]
[BlackRD "128"]
[GameID "438282"]

1. c3 e5 2. d3 d5 3. d4 exd4 4. cxd4 Nf6 5. Bg5 Bb4+ 6. Nc3 h6 7. Bxf6 Qxf6 8. a3 Bxc3+ 9. bxc3 Bg4 10. f3 Bf5
11. e3 O-O 12. c4 Re8 13. Kf2 Nd7 14. Qb3 c5 15. Ne2 dxc4 16. Qxc4 Nb6 17. Qb3 c4 18. Qb5 a6 19. Qa5 Rad8 20. Re1 Nd5
21. Ng3 Bg6 22. h3 b5 23. Rh2 Nxe3 24. Rxe3 Rxe3 25. Nh1 Qxd4 26. Qxd8+ Qxd8 27. Kxe3 c3
0-1

[Event "JAHI    I"]
[Site "SchemingMind.com"]
[Date "2019.09.06"]
[Round "-"]
[White "Helga1946"]
[Black "AlexiusIII"]
[Result "0-1"]
[WhiteCountry "GER"]
[BlackCountry "ENG"]
[WhiteElo "1916"]
[WhiteRD "56"]
[BlackElo "2225"]
[BlackRD "121"]
[GameID "445356"]

1. Nc3 e5 2. d4 d5 3. dxe5 d4 4. Nb5 Bc5 5. c3 dxc3 6. Qxd8+ Kxd8 7. Nxc3 Be6 8. Bd2 Nc6 9. Nf3 f6 10. exf6 Nxf6
11. Rc1 a6 12. Ng5 Re8 13. Nxe6+ Rxe6 14. g3 Ke8 15. Bh3 Re7 16. Bg2 Rd8 17. Bg5 Ne5 18. O-O c6
0-1

[Event "JAHI    I"]
[Site "SchemingMind.com"]
[Date "2019.09.06"]
[Round "-"]
[White "AlexiusIII"]
[Black "Helga1946"]
[Result "1-0"]
[WhiteCountry "ENG"]
[BlackCountry "GER"]
[WhiteElo "2225"]
[WhiteRD "121"]
[BlackElo "1916"]
[BlackRD "56"]
[GameID "445357"]

1. c4 e5 2. Nc3 Bb4 3. Nd5 Be7 4. d4 d6 5. e4 Bf6 6. Nf3 exd4 7. Nxf6+ Nxf6 8. Nxd4 Nxe4 9. Bd3 Nc5 10. Bc2 O-O
11. O-O Qf6 12. b4 Ne6 13. Bb2 Nxd4 14. Bxd4 Qg5 15. f4
1-0

[Event "JAHI    I"]
[Site "SchemingMind.com"]
[Date "2019.11.24"]
[Round "-"]
[White "AlexiusIII"]
[Black "clare1347"]
[Result "1/2-1/2"]
[WhiteCountry "ENG"]
[BlackCountry "ENG"]
[WhiteElo "2233"]
[WhiteRD "132"]
[BlackElo "2321"]
[BlackRD "88"]
[GameID "448401"]

1. e4 e5 2. Nf3 Nc6 3. Bb5 a6 4. Ba4 Nf6 5. O-O Be7 6. Re1 b5 7. Bb3 O-O 8. c3 d5 9. exd5 Nxd5 10. Nxe5 Nxe5
11. Rxe5 c6 12. d4 Bd6 13. Re1 Qh4 14. g3 Qh3 15. Be3 h5 16. Qf3 h4 17. Nd2 Bg4 18. Qg2 hxg3 19. hxg3 Qh5 20. Qh2 Qg6
21. c4 Nxe3 22. Rxe3 Rae8 23. Kg2 Rxe3 24. Rh1 Qh6 25. Qxh6 Rxg3+ 26. fxg3 gxh6 27. Rxh6 Bb4 28. Nf3 Bxf3+ 29. Kxf3 Rd8 30. Rxc6 Rxd4
31. Rc8+ Kg7=
1/2-1/2